Cliquez sur les régions françaises sur une carte sans frontières - Statistiques

Statistiques générales
  • Ce quiz a été pris 323 fois
  • Le résultat moyen est 16 sur 18
Réponses sur la Carte
Les réponses sont colorées sur une échelle allant du rouge au vert en fonction du pourcentage des utilisateurs qui les ont devinées à leur premier essai. Vous pouvez retrouver ces pourcentages ci-dessous.
 
Statistiques - réponses
Réponse % Correct
Grand Est
93%
Bretagne
92%
Corse
92%
Hauts-de-France
92%
Normandie
91%
Provence-Alpes-Côte d'Azur
91%
Guyane
90%
Île-de-France
89%
Occitanie
89%
Bourgogne-Franche-Comté
87%
Auvergne-Rhône-Alpes
86%
La Réunion
86%
Nouvelle-Aquitaine
86%
Centre-Val de Loire
85%
Martinique
83%
Mayotte
79%
Pays de la Loire
79%
Guadeloupe
78%
Aucun quiz correspondant
Distribution des résultats
% des personnes avec chaque résultat
Percentile par nombre de réponses
Votre historique - résultats
Vous n’avez pas pris ce quiz